| 000 | 00346nam a2200145Ia 4500 | ||
|---|---|---|---|
| 008 | 150201s2009 xx 000 0 und d | ||
| 082 |
_a618.92 _bR09G |
||
| 100 | _aGUPTE, S. | ||
| 245 | _aRECENT ADVANCES IN PEDIATRICS -18 | ||
| 250 | _a1ST | ||
| 260 |
_bJAYPEE BROTHERS _aDELHI _c2009 |
||
| 300 | _a1-484 | ||
| 650 | _aPAEDIATRICS | ||
| 942 |
_2ddc _cBK |
||
| 999 |
_c96 _d96 |
||